Normal view
MARC view
- Calgaro Ottorino
Entry Personal Name
001 - CONTROL NUMBER
- control field: 53045
003 - CONTROL NUMBER IDENTIFIER
- control field: IT-RoPau
005 - DATE AND TIME OF LATEST TRANSACTION
- control field: 20151203094553.0
008 - FIXED-LENGTH DATA ELEMENTS
- fixed length control field: 151203|| aca||aabn | a|a d
040 ## - CATALOGING SOURCE
- Original cataloging agency: IT-RoPau
- Transcribing agency: IT-RoPau
100 ## - HEADING--PERSONAL NAME
- Personal name: Calgaro Ottorino
- Relator term: (soggetto)
- Miscellaneous information: Codice Soggetto SPICS: 41843
670 ## - SOURCE DATA FOUND
- Source citation: Work cat.: (IT-RoPau)107660: Girardi Daniele Codice regista SPICS: 41844 53043, CAPIRE E VIVERE LA MESSA (2) - LITURGIA EUCARISTICA E RITI DI CONCLUSIONE CAPIRE E VIVERE LA MESSA (2) - LITURGIA EUCARISTICA E RITI DI CONCLUSIONE (Rif. Codice opera principale : C6073)